Derecho minero Peruano

Saved in:
Bibliografiske detaljer
Hovedforfatter: Basadre Ayulo, Jorge (Author)
Format: Bog
Sprog:spansk
Udgivet: Lima Grijley 1996
Udgivelse:6a. ed
Fag:
Tags: Tilføj Tag
Ingen Tags, Vær først til at tagge denne postø!

MARC

LEADER 00000nam a2200000 a 4500
001 UCT1269
003 CL-VaPUC
008 960927e19960000PE |||||||||||||||||spa|d
082 0 4 |a 343.077  |b BAS  |2 21 
100 0 |a Basadre Ayulo, Jorge  |e author  |9 370071 
245 1 0 |a Derecho minero Peruano 
250 |a 6a. ed 
300 |a 456 p 
942 |c BK 
945 |d 19960927 00:00:00  |a nastorga 
260 |a Lima  |b Grijley  |c 1996 
650 0 |a Derecho de minería  |9 344919 
650 7 |a INTERNACIONES MINERAS  |2 CL-VaPUC  |9 370028 
650 7 |a PATENTES MINERAS  |2 CL-VaPUC  |9 370029 
650 0 |a Contratos mineros  |9 344920 
650 0 |a Concesiones mineras  |9 256334 
650 0 |a Propiedad minera   |9 370030 
650 7 |a COMPAÑIAS MINERAS  |2 CL-VaPUC  |9 370031 
650 7 |a TRIBUTACION MINERA  |2 CL-VaPUC  |9 370032 
650 0 |a Jurisprudencia  |9 255952 
650 7 |a FUENTES MINERAS  |2 CL-VaPUC  |9 370033 
583 |a last modification  |c 19960927 00:00:00  |k Rodrigo Vera 
999 |c 251838  |d 251836 
952 |0 0  |1 0  |4 0  |6 343_077000000000000_BAS_1996  |7 0  |8 A  |9 271299  |a BIBDER  |b BIBDER  |d 2019-11-19  |i 3232727  |o 343.077 BAS 1996  |p 3232727  |r 2023-01-25  |w 2019-11-19  |y BK  |k DER